00461 a2200157 450000100060000004000260000610000210003224000370005324500320009030000090012236200090013165000310014094200070017195201080017899900170028648271 cAnchieta - Bela Vista aAzevedo, Ricardo10aO livro dos pontos de vistalpor10aO livro dos pontos de vista a64p.0 a2006 4aLiteratura infanto-juvenil cBK 00104070a91.4b91.4d2023-11-21l0o028.5 A994i AZE LIVp24/BELr2023-11-21 17:39:32w2023-11-21yBK c48271d48271